00762nam a2200181 a 4500008004100000050001300041100002100054245009000075260004000165300001400205350000900219490004600228650001400274650005200288995010000340999001700440952012300457060720s2005 ||||||||||||||||| || u aIBRD(08) aRaddatz, Claudio10aAre external shocks responsible for the instability of output in low income countries aWashington, D. C.bWorld Bankc2005 a52p.: ill a0.00 aWorld Bank policy research working papers 0aECONOMICS aEXTERNAL SHOCKS--RESEARCH--LOW INCOME COUNTRIES D0.00FCBU-MAIN LIBRARY (Kitwe)H1I0.00M1UAVAILABLEWJul 20, 2006ZInternational Publications c34816d34816 00102lcc4070a001b001cInternational Publicationsd2022-11-30l0oIBRD(08)pZ03000743r2022-11-30w2022-11-30y002